Crocodiliens du Monde - Statistiques

Statistiques générales
  • Ce quiz a été pris 8 fois
  • Le résultat moyen est 7 sur 26
Statistiques - réponses
Genre Espèce % Correct
Crocodylus Crocodile du Nil
88%
Crocodylus Crocodile Marin
88%
Gavialis Gavial du Gange
75%
Osteolaemus Crocodile Nain
63%
Alligator Alligator d'Amérique
38%
Caiman Caïman à Lunettes
38%
Melanosuchus Caïman Noir
38%
Alligator Alligator de Chine
25%
Paleosuchus Caïman Nain
25%
Crocodylus Crocodile Américain
25%
Crocodylus Crocodile de Cuba
25%
Tomistoma Faux-gavial de Malaisie
25%
Caiman Caïman à Museau Large
13%
Paleosuchus Caïman de Schneider
13%
Caiman Caïman Yacare
13%
Crocodylus Crocodile de Johnston
13%
Crocodylus Crocodile de L'Orénoque
13%
Crocodylus Crocodile de Morelet
13%
Crocodylus Crocodile de Nouvelle-Guinée
13%
Crocodylus Crocodile de Nouvelle-Guinée de Hall
13%
Crocodylus Crocodile des Marais
13%
Crocodylus Crocodile des Philippines
13%
Crocodylus Crocodile du Désert
13%
Crocodylus Crocodile du Siam
13%
Mecistops Faux-gavial d'Afrique
13%
Mecistops Faux-gavial d'Afrique Centrale
13%
Aucun quiz correspondant
Distribution des résultats
% des personnes avec chaque résultat
Percentile par nombre de réponses
Votre historique - résultats
Vous n’avez pas pris ce quiz